000
00211 a2200097 4500
001
17048
100
_a
Dickens Charles
245
_a
Tale of Two cities
260
_a
London
_b
Macdonald
_c
090
_c
12714
_d
12714
942
_a
NUST-CAE
_c
M
_c
3019
999
_c
252121
_d
252121